Billboard hot 100 - Statistics

General Stats
  • This quiz has been taken 18 times
  • The average score is 9 of 100
Answer Stats
Position Weeks on chart Answer % Correct
14 43 Espresso
85%
15 39 Not Like Us
62%
1 25 Die With A Smile
54%
3 11 Luther
54%
9 54 Beautiful Things
46%
23 43 Good Luck, Babe!
46%
6 16 APT.
38%
4 38 Birds Of A Feather
38%
8 77 Lose Control
38%
10 11 TV Off
38%
16 39 I Had Some Help
31%
62 15 Like Him
31%
20 11 Squabble Up
31%
29 1 Abracadabra
23%
27 5 Denial Is A River
23%
28 15 Sticky
23%
21 24 Taste
23%
57 2 4x4
15%
18 34 Pink Pony Club
15%
13 16 That's So True
15%
24 45 Too Sweet
15%
32 34 Wildflower
15%
5 43 A Bar Song (Tipsy)
8%
41 27 Again
8%
61 10 Bad Dreams
8%
26 5 Baile Inolvidable
8%
38 24 Bed Chem
8%
12 1 Cry For Me
8%
17 5 DtMF
8%
34 2 Fat, Juicy, & Wet
8%
90 4 Headlock
8%
2 1 I'm the problem
8%
11 16 Love Somebody
8%
19 10 Messy
8%
92 1 Nissan Altima
8%
37 5 Nuevayol
8%
81 11 Peekaboo
8%
43 2 Sao Paulo
8%
30 6 Smile
8%
7 19 Timeless
8%
22 7 30 For 30
0%
54 13 4x4xU
0%
84 1 7 Dias
0%
72 22 Am I Okay?
0%
78 4 Are You Even Real
0%
46 1 Baptized In Fear
0%
80 2 Blue Jean Baby
0%
42 7 BMF
0%
75 19 Diet Pepsi
0%
70 7 El Club
0%
60 1 Enjoy The Show
0%
59 5 EoO
0%
99 4 Forever Young
0%
71 1 Given Up On Me
0%
63 11 Good News
0%
73 25 Guy For That
0%
85 2 Haunted
0%
79 15 Heart Of A Woman
0%
89 29 Help Me
0%
91 11 Hey Now
0%
31 35 High Road
0%
66 7 I Ain't Saying
0%
82 1 I Can't Wait To Get There
0%
58 19 I'm Gonna Love You
0%
56 9 Indigo
0%
50 20 I Never Lie
0%
93 5 Kloufrens
0%
44 19 Liar
0%
49 6 Loco
0%
96 1 Love Hangover
0%
98 5 Nadie
0%
65 1 Niagara Falls
0%
40 19 No One Noticed
0%
86 14 No Pole
0%
48 1 Open Hearts
0%
74 1 Opening Night
0%
94 5 Perfumito Nuevo
0%
47 33 Please Please Pleade
0%
76 12 Que Pasaria...
0%
53 1 Reflections Laughing
0%
52 22 Residuals
0%
97 7 Rosones
0%
35 25 Sailor Song
0%
33 2 Sports Car
0%
25 38 Stargazing
0%
69 1 Take Me Back To LA
0%
68 1 The Abyss
0%
95 4 The Days
0%
83 6 The Largest
0%
64 40 Think I'm In Love With You
0%
77 16 Tu Boda
0%
51 5 Tweaker
0%
67 5 Velda
0%
55 5 Voy A Llevarte Pa PR
0%
45 1 Wake Me Up
0%
39 17 Watchu Kno About Me
0%
87 5 Weltita
0%
88 2 Weren't For The Wind
0%
36 28 Who
0%
100 4 Worst Way
0%
No matching quizzes found
Score Distribution
Percent of People with Each Score
Percentile by Number Answered
Your Score History
You have not taken this quiz